01129nam a22002177a 4500999001500000003000900015008004100024040007100065082002400136100002600160245005500186260008800241300002600329505036700355650002700722650001900749650002200768942001600790945000800806952009700814  c2391d2391AR-CdUCM190304b           ||||| |||| 00| 0 spa d  aMUNICIPALIDAD PROVINCIAL DEL CUSCOcBIBLIOTECA MUNICIPAL DEL CUSCO  22ed.a985.14 /bP33  aPaz Esquerre, Eduardo  aTradición oral del departamento de la libertad /  aTrujillo :bServicios Gráficos de la Sociedad de Beneficencia de Trujillo,c1992.  a110 paginas ;c21 cm.  aContenido :Tradición oral sobre los reyes del imperio chimu en chanchan, desde sus orígenes -- El tema tradicional del paraíso subterraneo en el departamento de la libertad -- Tradiciones simbólicas sobre lagunas en el departamento de la libertad -- Los patos de oro de la huaca el castillo -- La mujer encantada de la laguna del cerro orcon chiguala ...  aTradición oral92031  aLeyendas92226  aLa libertad98588  2ddccLIBROS  arum  002ddc4070aSHbSHcCARTd2019-03-04g6.00o985.14 / P33pSH0000002751r2019-03-04yLIBROS